00361nam a2200121 a 4500041000800000110004000008245007000048260005700118300001100175650001600186650002400202650001300226 aspa bGrupo Empresarial Naturaleza y Vida aGuía natural, directorio naturista y ecológicob1996 Colombia aBogotábGrupo Empresarial Naturaleza y Vida c1996 a172 p. aDirectorios aProductos naturales aEmpresas